000 00513nam a2200169 i 4500
001 133909
003 ES-MaACL
005 20230906194546.0
007 t|
008 070903s1905 xxk ||||1| eng d
100 1 _aWallace, Alfred Russel.
_9115944
245 1 0 _aDarwinism
_b: an exposition of the theory of natural selection... /
_cby Alfred Russel Wallace.
250 _a3 th. ed.
260 _aLondon :
_bMacmillan and CÂș,
_c1905.
300 _aXX, 494 p. :
_bil. ;
_c20 cm.
852 _aES-MaACL
_jG-10638
999 _c133909
_d133909